| 000 | 00482nam a2200169Ia 4500 | ||
|---|---|---|---|
| 008 | 230524s9999 xx 000 0 und d | ||
| 082 |
_a621.38 _bDUR |
||
| 100 |
_aDavid E. Johnson _925196 |
||
| 245 | 0 | _a"Basic Electrical Circuit Analysis," | |
| 250 | _a1ST | ||
| 260 |
_aNEW DELHI _bJohn Wiley & Sons _c2006 |
||
| 300 | _aXIV;251 | ||
| 500 | _aQuantity Number: 1 | ||
| 650 | _aElectrical | ||
| 700 |
_a" John L.Hilburn,Johnny R.Johnson , Peter D.Scott,," _925197 |
||
| 942 | _cBK | ||
| 999 |
_c37246 _d37246 |
||